|
|
|
|
| LEADER |
02771nem a22005412a 4500 |
| 001 |
mzk03001036786 |
| 003 |
CZ BrMZK |
| 005 |
20101105093254.0 |
| 007 |
aj|ca||| |
| 008 |
060522s1715 ne ij|||||a|||r|0|||freod |
| 034 |
1 |
|
|a a
|b 1080000
|d E0122226
|e E0192700
|f N0522100
|g N0483428
|
| 040 |
|
|
|a BOA001
|b cze
|
| 041 |
0 |
|
|a fre
|a ger
|
| 043 |
|
|
|a e-xr---
|a e-pl---
|a e-gx---
|b e-xr-sl
|2 czenas
|
| 072 |
|
7 |
|a 912:904
|x Staré mapy
|2 Konspekt
|9 7
|
| 080 |
|
|
|a (084.3)
|2 MRF
|
| 080 |
|
|
|a (430.246)
|2 MRF
|
| 080 |
|
|
|a (437.3)
|2 MRF
|
| 080 |
|
|
|a (437.33)
|2 MRF
|
| 080 |
|
|
|a (438)
|2 MRF
|
| 080 |
|
|
|a 912.43:069.5
|2 MRF
|
| 100 |
1 |
|
|a Sanson, Guillaume,
|d 1633-1703
|7 mzk2008434291
|4 aut
|
| 245 |
1 |
0 |
|a Estats de la Couronne de Boheme, ou sont le Royaume de Boheme, le Duché de Silesie, les Marquisats de Moraviae, et Lusace. Subdivisés en leurs Principales Parties
|h [kartografický dokument] =
|b Le Royaume de Boheme Duché de Silesie, les Marquisat de Moraviae et de Lusace /
|c Dressé sur les Memoires les plus Nouueaux Par le Sr. Sanson Geographe ordinaire du Roy; Amsterdam Chez Pierre Schenck avec Privilege de noc Seigneurs les Etats de Hollande et de West-Frisc
|
| 246 |
3 |
3 |
|a Royaume de Boheme duché de Silesie les Marquisat de Moravie et de Lusace
|h [kartografický dokument]
|
| 255 |
|
|
|a Měřítko [ca 1:1 080 000]. 10,2 cm = 20 Lieues Communes de France =15 Lieues Communes d'Allemagne = 12 Grandes Lieues d'Allemagne = 60 Mille Pas Geometrique ou Mille d'Italie
|c (012°22´26" v.d.--019°27´00" v.d./052°21´00" s.š.--048°34´28" s.š.)
|
| 260 |
|
|
|a á Amsterdam :
|b Chez Pierre Schenck,
|c [1715?]
|
| 300 |
|
|
|a 1 mapa :
|b mědirytina, ručně kolorovaná ;
|c 44,5 x 56,5 cm na listu 55,5 x 65 cm
|
| 500 |
|
|
|a Kopie mapy AA.T.XX,2
|
| 500 |
|
|
|a Výzdoba: V pravém horním rohu nápisová kartuše, v levém dolním rohu monument s měřítky
|
| 510 |
3 |
|
|a Roubík, F. Soupis map českých zemí,
|c I, č. 1044
|
| 510 |
4 |
|
|a Kuchař, K. Mapová sbírka B.P. Molla,
|c s. 224
|
| 546 |
|
|
|a Název francouzsky, text mapy německy
|
| 590 |
|
|
|a Okraje mapy zašpiněné a potrhané
|
| 655 |
|
7 |
|a historické mapy
|7 fd186723
|2 czenas
|
| 650 |
0 |
4 |
|a Mollova mapová sbírka
|
| 650 |
0 |
7 |
|a mapové sbírky
|z Česko
|7 ph182407
|2 czenas
|
| 610 |
2 |
7 |
|a Moravská zemská knihovna (Brno, Česko).
|b Mapová sbírka B.P. Molla
|7 mzk2005304487
|2 czenas
|
| 651 |
|
7 |
|a Česko
|7 ge128065
|2 czenas
|
| 651 |
|
7 |
|a Slezsko
|7 ge130850
|2 czenas
|
| 651 |
|
7 |
|a Lužice (Německo)
|7 ge134337
|2 czenas
|
| 856 |
4 |
1 |
|u http://mapy.mzk.cz/mzk03/001/036/786/2619267299
|y Digitalizovaný dokument
|
| 903 |
|
|
|a RP
|
| 910 |
|
|
|a BOA001
|b Moll-0001.551
|
| 978 |
|
|
|b Schenk, Peter I
|a Amsterdam
|c 1715
|
| 984 |
|
|
|a Amsterdam
|b Nizozemsko
|
| 985 |
|
|
|a 1701-1750
|
| 990 |
|
|
|a MP
|
| 991 |
|
|
|k mzk
|